000 01249nam0a2200325 4500
001 RU\NLR\BIBL_A\010453867
005 20260406041802.0
010 _a978-5-94962-223-0
021 _aRU
_b2014-44573
_92704
035 _a(NILC)RuMoRGB-007509880
035 _a(NLR Aleph) 010453867
090 _a9941498
_c9941498
100 _a20140821d2014 |||y0rusy50 ca
101 0 _aeng
_irus
102 _aRU
105 _ay|||z|||000ay
200 1 _aLast bus to Woodstock
_e[книга для чтения на английском языке]
_fColin Dexter
_gадапт., сокр. и слов.: Н. Г. Беспятых
210 _aСанкт-Петербург
_cАнтология
_d2014
215 _a191 с.
_d20
225 1 _aAbridged bestseller
_iIntermediate
541 0 _aПоследний автобус на Вудсток
606 _aАнглийский язык
_jКниги для чтения
_9972309
_3RU\NLR\AUTH\6646032
686 1 _aШ143.21-93рус91
700 1 _8eng
_7ba
_aDexter
_bC.
_f1930-2017
_gColin
_3RU\NLR\AUTH\772133
_9112150
702 1 _aBespjatych
_bN. G.
_gNadežda Georgievna
_4010
801 0 _aRU
_bРГБ
_c20140623
_gRCR
942 _cBOOK
980 _aNB